000 004140000a22001690004500
003 MACL
005 20160102115035.0
008 160102b xxu||||| |||| 00| 0 eng d
040 _aMACL
_cMACL
041 _aEnglish
082 _a580
100 _aSteel, Flora Annie
_94975
245 _aThe Garden of Fidelity
260 _bMachmillan & co
_c1930
_aLondon
650 _aPalnts
_926820
942 _cBK
_k580/Ste
_2ddc
999 _c36471
_d36471